| 000 | 00517nam a2200169Ia 4500 | ||
|---|---|---|---|
| 003 | OSt | ||
| 005 | 20260314104549.0 | ||
| 008 | 211028s2014 xx 000 0 und d | ||
| 040 | _cAIMIT LIBRARY | ||
| 041 | _aeng | ||
| 100 |
_aShashidhara, H R; Castelino, Melissa Fivona _g111791 _94295 |
||
| 110 |
_aHemalatha _94296 |
||
| 245 | _aDynamic resource allocation using virtual machines for cloud computing environment / | ||
| 260 |
_aMysore _c2014 |
||
| 710 |
_aJDA Software India Pvt. Ltd. _94297 |
||
| 942 |
_2ddc _cPRO |
||
| 999 |
_c217522 _d217522 |
||